书目信息 |
| 题名: |
城镇燃气规划建设与管理
|
|
| 作者: | 花景新 主编 | |
| 分册: | ||
| 出版信息: | 北京 化学工业出版社 2007.09 |
|
| 页数: | 181页 | |
| 开本: | 24cm | |
| 丛书名: | 燃气工程管理与技术丛书 | |
| 单 册: | ||
| 中图分类: | TU996 | |
| 科图分类: | ||
| 主题词: | 城镇--cheng zhen--燃气--市政工程--中国 | |
| 电子资源: | ||
| ISBN: | 978-7-122-00835-0 | |
| 000 | 00961nam 2200265 450 | |
| 001 | 012007390579 | |
| 005 | 20071229182717.50 | |
| 010 | @a978-7-122-00835-0@dCNY28.00 | |
| 100 | @a20071229d2007 km y0chiy0120 ea | |
| 101 | 0 | @achi |
| 102 | @aCN@b110000 | |
| 105 | @ay a 000yy | |
| 106 | @ar | |
| 200 | 1 | @a城镇燃气规划建设与管理@Acheng zhen ran qi gui hua jian she yu guan li@f花景新主编@Fhua jing xin zhu bian |
| 210 | @a北京@c化学工业出版社@d2007.09 | |
| 215 | @a181页@d24cm | |
| 225 | 2 | @a燃气工程管理与技术丛书@Aran qi gong cheng guan li yu ji shu cong shu |
| 320 | @a有书目。 | |
| 330 | @a本书为《燃气工程管理与技术从书》的一个分册,详细介绍了城镇燃气规划建设与管理,内容包括城镇燃气概论,城镇燃气规划导则等。 | |
| 410 | 0 | @12001 @a燃气工程管理与技术丛书 |
| 606 | 0 | @a城镇@Acheng zhen@x燃气@x市政工程@y中国 |
| 690 | @aTU996@v4 | |
| 701 | 0 | @a花景新@Ahua jing xin@4主编 |
| 801 | 0 | @aCN@bQSSK@c20071229 |
| 905 | @b275229-31@dTU996@eH647@f3 | |
| 城镇燃气规划建设与管理/花景新主编.-北京:化学工业出版社,2007.09 |
| 181页;24cm.-(燃气工程管理与技术丛书) |
| ISBN 978-7-122-00835-0:CNY28.00 |
| 本书为《燃气工程管理与技术从书》的一个分册,详细介绍了城镇燃气规划建设与管理,内容包括城镇燃气概论,城镇燃气规划导则等。 |
| ● |
| 相关链接 |
|
|
|
正题名:城镇燃气规划建设与管理
索取号:TU996/H647
 
预约/预借
| 序号 | 登录号 | 条形码 | 馆藏地/架位号 | 状态 | 备注 |
| 1 | 275229 | 202752299 | 建筑库201/201建筑库 137排2列6层/ [索取号:TU996/H647] | 在馆 | |
| 2 | 275230 | 202752306 | 建筑库201/ [索取号:TU996/H647] | 在馆 | |
| 3 | 275231 | 202752315 | 建筑库201/ [索取号:TU996/H647] | 在馆 |